000 00642nam a22001817a 4500
999 _c63995
_d63995
005 20260305172323.0
008 260305s1990 enk||||| |||| 00| 0 eng d
020 _a9780385238847x
041 _aeng
080 _a008(520) H-18
100 _aHall, Edward T.
_927059
245 _aHidden Differences:
_bDoing Business with the Japanese /
_cEdward T Hall, Mildred Reed Hal.
264 _aNew York :
_bAnchor Books,
_c1990.
300 _a172 p.;
_b20 cm.
653 _aბიზნესის კეთება იაპონელებთან
700 _aReed, Hall Mildred
_eავტორი
_927060
942 _2udc
_cᲬᲘᲒᲜᲘ